| 000 | 00624nam a22002177a 4500 | ||
|---|---|---|---|
| 008 | 131112b xxu||||| |||| 00| 0 eng d | ||
| 020 | _a1841742104 | ||
| 041 | 0 | _aeng | |
| 080 |
_a339 _x(420+4) _x(094.9) |
||
| 245 | 1 | 0 |
_aStatutes on family law : _cMika Oldham edt. |
| 250 | _a10th edition | ||
| 260 |
_bBlacksonte Press ; _c2001. _aUnited Kingdom : |
||
| 300 |
_a492 f. : _c22 cm. |
||
| 490 | _aBlackstone's statutes | ||
| 500 | _aPreface : f.[VII] | ||
| 505 | _aIncludes index | ||
| 650 |
_aE drejta familjare _xStatute |
||
| 650 | _aE drejta ndërkombëtare | ||
| 700 | 1 | _aMika, Oldham | |
| 942 |
_2udc _cBK |
||
| 999 |
_c290 _d290 |
||